Revista de Derecho /

Bibliographic Details
Format: Revista
Language:English
Published: Santiago, Chile Facultad de Ciencias Jurídicas y Sociales. Universidad Católica de la Santísima Concepción 1999
Online Access:

MARC

LEADER 00000cas a2200000 a 4500
001 041597
003 UAHC_CL
005 20170803124607.0
008 010822b xx j 000 1 eng
022 |a 07170599 
040 |a UAHC_CL  |c UAHC_CL  |d UAHC_CL 
245 1 0 |a Revista de Derecho /  |c Facultad de Ciencias Jurídicas y Sociales, Universidad Católica de la Santísima Concepción. 
260 |b Facultad de Ciencias Jurídicas y Sociales. Universidad Católica de la Santísima Concepción  |c 1999  |a Santiago, Chile 
900 |a REVISTA DE DERECHO 
942 |c REV 
952 |0 0  |1 0  |4 0  |6 REVISTA_DE_DERECHO07_99_000000000000000  |7 0  |8 General  |9 77976  |a BC  |b BC  |c General  |d 2017-08-03  |l 0  |o REVISTA DE DERECHO-07/99  |p 1305595  |r 2019-01-03 00:00:00  |t 1  |w 2017-08-03  |y REV 
952 |0 0  |1 0  |4 0  |6 REVISTA_DE_DERECHO09_01_000000000000000  |7 0  |8 General  |9 77977  |a BC  |b BC  |c General  |d 2017-08-03  |l 0  |o REVISTA DE DERECHO-09/01  |p 1323886  |r 2019-01-03 00:00:00  |t 1  |w 2017-08-03  |y REV 
952 |0 0  |1 0  |4 0  |6 REVISTA_DE_DERECHO10_02_000000000000000  |7 0  |8 General  |9 77978  |a BC  |b BC  |c General  |d 2017-08-03  |l 0  |o REVISTA DE DERECHO-10/02  |p 1374097  |r 2019-01-03 00:00:00  |t 1  |w 2017-08-03  |y REV 
952 |0 0  |1 0  |4 0  |6 REVISTA_DE_DERECHO21_10_000000000000000  |7 0  |8 General  |9 77979  |a BC  |b BC  |c General  |d 2017-08-03  |l 0  |o REVISTA DE DERECHO-21/10  |p 1379277  |r 2019-01-03 00:00:00  |t 1  |w 2017-08-03  |y REV 
952 |0 0  |1 0  |4 0  |6 REVISTA_DE_DERECHO12_04_000000000000000  |7 0  |8 General  |9 77980  |a BC  |b BC  |c General  |d 2017-08-03  |l 0  |o REVISTA DE DERECHO-12/04  |p 1380513  |r 2019-01-03 00:00:00  |t 1  |w 2017-08-03  |y REV 
952 |0 0  |1 0  |4 0  |6 REVISTA_DE_DERECHO13_05_000000000000000  |7 0  |8 General  |9 77981  |a BC  |b BC  |c General  |d 2017-08-03  |l 0  |o REVISTA DE DERECHO-13/05  |p 1380514  |r 2019-01-03 00:00:00  |t 1  |w 2017-08-03  |y REV 
952 |0 0  |1 0  |4 0  |6 REVISTA_DE_DERECHO18_08_000000000000000  |7 0  |8 General  |9 77982  |a BC  |b BC  |c General  |d 2017-08-03  |l 0  |o REVISTA DE DERECHO-18/08  |p 1380515  |r 2019-01-03 00:00:00  |t 1  |w 2017-08-03  |y REV 
952 |0 0  |1 0  |4 0  |6 REVISTA_DE_DERECHO20_10_000000000000000  |7 0  |8 General  |9 77983  |a BC  |b BC  |c General  |d 2017-08-03  |l 0  |o REVISTA DE DERECHO-20/10  |p 1380518  |r 2019-01-03 00:00:00  |t 1  |w 2017-08-03  |y REV 
952 |0 0  |1 0  |4 0  |6 REVISTA_DE_DERECHO19_09_000000000000000  |7 0  |8 General  |9 77984  |a BC  |b BC  |c General  |d 2017-08-03  |l 0  |o REVISTA DE DERECHO-19/09  |p 1380517  |r 2019-01-03 00:00:00  |t 1  |w 2017-08-03  |y REV 
999 |c 41597  |d 41597